000 00827nam a2200277Ia 4500
003 OSt
005 20221005063928.0
006 a|||||r|||| 00| 0
007 ta
008 221004b |||||||| |||| 00| 0 eng d
020 _a0520046390
024 _a37656
037 _cTextual
040 _aCRL
_cCRL
_beng
041 _2eng
_aeng
082 _aO111:gv, M2
100 _aHoy David Couzens
110 _aGift from Prof Amitava Banerjee, London
245 0 _aCritical circle
_b Literature, history and philosophical hermeneutics
260 _aLos
_bAngeles University of California Press USA
_c1982
300 _a182p.
_ccm.
650 _aENGLISH LITERATURE
700 _aGift from Prof Amitava Banerjee, London
942 _hO111:gv, M2
_cTEXL
_2cc
999 _c972144
_d972144